000 00542nam a22002057a 4500
003 OSt
005 20150114144446.0
008 150114b xxu||||| |||| 00| 0 eng d
020 _a0443035482
040 _cDNLM
082 _aW 18 B955a 1988
100 _aBurton J. L
_92419
245 _aAidspostgraduate medicine /
_cJ. L. Burton
250 _a5th ed.
260 _aLondon :
_bChurchill Livingstone ;
_c1988.
300 _a263 p :
_bill ;
_c25 cm.
504 _aincludes index
650 _aPostgraduate medicine.
_92420
942 _2z
_cSLOAN
999 _c898
_d898